Proletarian internationalism (Record no. 477120)

000 -LEADER
fixed length control field 00315cam a22001217a 4500
008 - FIXED-LENGTH DATA ELEMENTS--GENERAL INFORMATION
fixed length control field 180718b1977 xxu||||| |||| 00| 0 eng d
082 ## - DEWEY DECIMAL CLASSIFICATION NUMBER
Classification number B235 M896
100 ## - MAIN ENTRY--PERSONAL NAME
Personal name Mukerjee, Hiren
245 ## - TITLE STATEMENT
Title Proletarian internationalism
Statement of responsibility, etc. by Hiren Mukerjee
260 ## - PUBLICATION, DISTRIBUTION, ETC.
Place of publication, distribution, etc. Delhi
Name of publisher, distributor, etc. Navyug
Date of publication, distribution, etc. 1977
300 ## - PHYSICAL DESCRIPTION
Extent 64p.
650 ## - SUBJECT ADDED ENTRY--TOPICAL TERM
Topical term or geographic name entry element Communism.
Holdings
Withdrawn status Lost status Damaged status Not for loan Permanent Location Current Location Date acquired Full call number Barcode Date last seen Price effective from Koha item type
        Indian Institute of Public Administration Indian Institute of Public Administration 2018-08-04 B235 M896 GR10131 2018-08-04 2018-08-04 GR

Powered by Koha